[Event "Tournoi Skype 029A"]
[Site "Skype"]
[Date "????.??.??"]
[Round "8.11"]
[White "Yeter, Orhan"]
[Black "Legueltel, Daniel"]
[Result "1-0"]
[WhiteElo "1245"]
[BlackElo "1753"]
[PlyCount "93"]

1. e4 e5 2. Nf3 Nc6 3. Bb5 d6 4. O-O Bd7 5. d4 Nf6 6. Re1 Nxd4 7. Bxd7+ Qxd7 8.
Nxd4 exd4 9. Qxd4 Be7 10. e5 dxe5 11. Qxe5 Qd6 12. Qxd6 cxd6 13. Bf4 Kd7 14.
Nc3 Rhe8 15. Rad1 Bf8 16. Rxe8 Rxe8 17. Kf1 Kc6 18. a4 a6 19. Ne2 Re4 20. Nd4+
Kd7 21. Be3 Nd5 22. Bc1 g6 23. f3 Re5 24. c4 Ne3+ 25. Bxe3 Rxe3 26. c5 d5 27.
Kf2 Re8 28. b4 f5 29. Nb3 Re5 30. f4 Re4 31. Rxd5+ Kc7 32. Rd4 Rxd4 33. Nxd4
Kd7 34. Ke3 a5 35. Kd3 axb4 36. Kc4 Bh6 37. g3 g5 38. fxg5 Bxg5 39. Kxb4 f4 40.
gxf4 Bxf4 41. h3 Be3 42. Kc4 Bf2 43. Kd5 Be3 44. Ne6 Ke7 45. Nd4 Bf2 46. Nf5+
Kd7 47. h4 1-0

[Event "Tournoi Skype 029A"]
[Site "Skype"]
[Date "????.??.??"]
[Round "8.12"]
[White "Chavero, Victor"]
[Black "Garcia Andrinal, Antonio"]
[Result "0-1"]
[WhiteElo "1283"]
[BlackElo "1679"]
[PlyCount "70"]

1. d4 Nf6 2. Nf3 e6 3. e3 d5 4. Bd3 Nbd7 5. Nbd2 Bd6 6. O-O O-O 7. Re1 e5 8.
dxe5 Nxe5 9. Nxe5 Bxe5 10. Nf3 Bd6 11. e4 dxe4 12. Bxe4 Nxe4 13. Rxe4 Bxh2+ 14.
Kxh2 Qxd1 15. Rd4 Qxc2 16. Ne1 Qxf2 17. Re4 Be6 18. Be3 Qxb2 19. Rc1 Bd5 20.
Rg4 Rfe8 21. Rc2 Qe5+ 22. Rg3 Qxg3+ 23. Kxg3 Rxe3+ 24. Kf2 Rae8 25. Nf3 Bxf3
26. gxf3 Re2+ 27. Rxe2 Rxe2+ 28. Kxe2 f5 29. Kd3 Kf7 30. Kd4 Kf6 31. Kd5 g5 32.
Kd4 h5 33. Ke3 Ke5 34. a3 h4 35. Kf2 Kf4 0-1

[Event "Tournoi Skype 029A"]
[Site "Skype"]
[Date "????.??.??"]
[Round "8.13"]
[White "Saponara, Jose Maria"]
[Black "Teles, Jeferson Lisboa"]
[Result "1-0"]
[WhiteElo "1524"]
[BlackElo "1599"]
[PlyCount "110"]

1. e4 e6 2. d4 d5 3. exd5 Qxd5 4. Nc3 Bb4 5. a3 Bxc3+ 6. bxc3 Nf6 7. Nf3 O-O 8.
c4 Qd8 9. Bd3 Nbd7 10. O-O c5 11. c3 Qc7 12. Re1 Re8 13. Ne5 Nxe5 14. dxe5 Nd7
15. Qh5 Nf8 16. Re3 g6 17. Qh4 Bd7 18. Qg3 Bc6 19. h4 Kg7 20. Qf4 Qe7 21. Rg3
Nd7 22. h5 f5 23. Qh6+ Kh8 24. hxg6 Qg7 25. Qh2 Nxe5 26. gxh7 Ng6 27. Be3 Qxc3
28. Rd1 Ba4 29. Bd2 Qd4 30. Rc1 e5 31. Bc3 Qf4 32. Re1 Kg7 33. Bxe5+ Rxe5 34.
Rxg6+ Kxg6 35. Qxf4 Rxe1+ 36. Kh2 Rf8 37. Qd6+ Kg7 38. Qxc5 Bc6 39. Bxf5 Rxf5
40. Qxf5 Be4 41. Qe5+ Kxh7 42. f3 Re3 43. fxe4 Rxa3 44. Qc7+ Kh8 45. Qxb7 Re3
46. Qxa7 Rxe4 47. c5 Rh4+ 48. Kg1 Rc4 49. Kh2 Rh4+ 50. Kg3 Rh6 51. Qd7 Rg6+ 52.
Kf3 Rf6+ 53. Ke4 Kg8 54. c6 Rf7 55. Qxf7+ Kxf7 1-0

[Event "Tournoi Skype 029A"]
[Site "Skype"]
[Date "????.??.??"]
[Round "8.14"]
[White "Lovell, Stan"]
[Black "Sanchez Ruiz, Justo"]
[Result "1/2-1/2"]
[WhiteElo "1575"]
[BlackElo "1526"]
[PlyCount "147"]

1. e4 d5 2. exd5 Qxd5 3. Nc3 Qa5 4. d4 c6 5. Nf3 Nf6 6. Bd3 Bg4 7. Be2 Nbd7 8.
h3 Bh5 9. Bd2 Qc7 10. O-O e6 11. Ng5 Bxe2 12. Qxe2 h6 13. Nge4 Be7 14. Rad1 O-O
15. Rfe1 Rfe8 16. Qf3 Nd5 17. a3 N7f6 18. Nxf6+ Nxf6 19. Ne4 Nxe4 20. Rxe4 Bd6
21. c4 b6 22. Rg4 Kf8 23. b4 c5 24. dxc5 bxc5 25. Bc3 Bh2+ 26. Kh1 Be5 27. Re1
Bxc3 28. Qxc3 f6 29. bxc5 Qxc5 30. Qb4 Rac8 31. Kg1 e5 32. Rc1 Qxb4 33. axb4
Rb8 34. c5 Rec8 35. Rgc4 Rc6 36. Kf1 Kf7 37. Ke2 Ke6 38. Ke3 a6 39. Rb1 Rb5 40.
Rc2 a5 41. Rcb2 axb4 42. Rxb4 Rbxc5 43. Rb7 Rc3+ 44. Ke2 Rc2+ 45. Ke1 Rc7 46.
R7b6+ Kf5 47. R6b3 Ra2 48. Rf3+ Ke6 49. g3 Rac2 50. Rb6+ Ke7 51. Rb1 h5 52. Re3
Kf7 53. h4 Rc1+ 54. Rxc1 Rxc1+ 55. Ke2 Rc2+ 56. Kf3 Ke6 57. Rb3 Rd2 58. Rb6+
Rd6 59. Rb3 g5 60. hxg5 fxg5 61. Rb4 Kf5 62. Rc4 Rd4 63. Rc8 e4+ 64. Ke2 Rd6
65. Rh8 Kg6 66. Re8 Rd4 67. Ke3 Ra4 68. Rxe4 Rxe4+ 69. Kxe4 h4 70. gxh4 gxh4
71. Kf3 Kg5 72. Kg2 Kf4 73. Kh3 Kf3 74. Kxh4 1/2-1/2

[Event "Tournoi Skype 029A"]
[Site "Skype"]
[Date "????.??.??"]
[Round "8.16"]
[White "Silvestre Da Silva, Sidnei"]
[Black "Ortiz, Vladimir"]
[Result "0-1"]
[WhiteElo "1566"]
[BlackElo "1443"]
[PlyCount "48"]

1. e4 e5 2. Nf3 Nf6 3. Nxe5 d6 4. Nf3 Nxe4 5. Bc4 Qe7 6. O-O Be6 7. Qe2 d5 8.
Bb3 c6 9. Re1 Nc5 10. Nd4 Qf6 11. Nxe6 Nxe6 12. c4 Be7 13. cxd5 Nd4 14. Qc4
Nxb3 15. Qxb3 b6 16. dxc6 Nxc6 17. Nc3 O-O 18. Nd5 Qd6 19. Nxe7+ Nxe7 20. Qe3
Nf5 21. Qe4 Qd7 22. Qf3 Rae8 23. Rxe8 Rxe8 24. d3 Re1# 0-1

[Event "Tournoi Skype 029A"]
[Site "Skype"]
[Date "????.??.??"]
[Round "8.18"]
[White "Alvarez, Juan Evangelista"]
[Black "Abate, Leonardo"]
[Result "1-0"]
[WhiteElo "1575"]
[BlackElo "1380"]
[PlyCount "69"]

1. d4 Nf6 2. c4 g6 3. Nf3 Bg7 4. g3 d6 5. Bg2 O-O 6. O-O Nbd7 7. Nc3 Re8 8. Bg5
e5 9. Bxf6 Nxf6 10. dxe5 Ng4 11. exd6 Bxc3 12. bxc3 cxd6 13. Nd4 Rb8 14. Nb5
Re6 15. Nxa7 Qa5 16. Nxc8 Rxc8 17. Bh3 Qh5 18. Kg2 Rxc4 19. Bxg4 Qxg4 20. f3
Qf5 21. e4 Qe5 22. Rb1 b5 23. Re1 Ra4 24. Re2 f5 25. f4 Qxc3 26. Rxb5 fxe4 27.
Rc2 Qf6 28. Rc8+ Kg7 29. Qxa4 e3 30. Rb7+ Kh6 31. Rcc7 g5 32. Rxh7+ Kg6 33.
Qc2+ Qf5 34. Rbg7+ Kf6 35. Rf7+ 1-0

[Event "Tournoi Skype 029A"]
[Site "Skype"]
[Date "????.??.??"]
[Round "8.20"]
[White "Couto, Januario"]
[Black "Hurtado De Mendoza, Ramon Miguel"]
[Result "1/2-1/2"]
[WhiteElo "1387"]
[BlackElo "1487"]
[PlyCount "43"]

1. c4 c5 2. Nc3 Nf6 3. g3 d5 4. cxd5 Nxd5 5. Bg2 Nc7 6. e4 Nc6 7. Nge2 e5 8.
O-O Be7 9. a3 O-O 10. f4 Bf6 11. d3 Bg4 12. h3 Bxe2 13. Nxe2 Ne6 14. f5 Ned4
15. Nc3 Ne7 16. Be3 b6 17. Rc1 Nec6 18. Nd5 Bg5 19. Qd2 Bxe3+ 20. Qxe3 f6 21.
Rc3 Rc8 22. Rfc1 1/2-1/2

[Event "Tournoi Skype 029A"]
[Site "Skype"]
[Date "????.??.??"]
[Round "8.21"]
[White "Alarcon Alarcon, Florentina"]
[Black "Engstrom, Olle"]
[Result "1-0"]
[WhiteElo "1362"]
[BlackElo "1448"]
[PlyCount "93"]

1. e4 c5 2. Nf3 Nc6 3. d4 cxd4 4. Nxd4 Nf6 5. Nc3 e5 6. Nxc6 bxc6 7. h3 Bb4 8.
Bg5 Qa5 9. Bd2 d5 10. exd5 Nxd5 11. Nxd5 Bxd2+ 12. Qxd2 Qxd2+ 13. Kxd2 cxd5 14.
f3 h5 15. Be2 Rh6 16. Rae1 Bd7 17. b3 a6 18. a4 f6 19. Bd3 Kf7 20. Rhg1 h4 21.
Ra1 Bc6 22. Rge1 Rhh8 23. Rg1 Bb7 24. Rae1 Rae8 25. a5 e4 26. fxe4 dxe4 27.
Bc4+ Kf8 28. g4 hxg3 29. Rxg3 Rh4 30. Rf1 Bc8 31. Rh1 g5 32. Rf1 Kg7 33. Bd5
Rd8 34. c4 Be6 35. Rd1 Rxh3 36. Rxh3 Bxh3 37. Ke1 Re8 38. c5 Rb8 39. Bc4 Bf5
40. Rd6 Rc8 41. b4 Kg6 42. Bxa6 Rc7 43. c6 g4 44. Bf1 Kf7 45. b5 Ke7 46. Rd2
Ra7 47. a6 1-0

[Event "Tournoi Skype 029A"]
[Site "Skype"]
[Date "????.??.??"]
[Round "8.23"]
[White "Navghane, Rahul"]
[Black "Lucena Vaz, Jose"]
[Result "1/2-1/2"]
[WhiteElo "1026"]
[BlackElo "1674"]
[PlyCount "131"]

1. b3 e5 2. Bb2 Nc6 3. e3 Nf6 4. Bb5 d6 5. Ne2 Be7 6. Bxc6+ bxc6 7. d4 O-O 8.
dxe5 dxe5 9. Qxd8 Rxd8 10. Bxe5 Nd5 11. c4 Bb4+ 12. Nbc3 Nxc3 13. Bxc3 c5 14.
a3 Bxc3+ 15. Nxc3 Rb8 16. Rb1 Bf5 17. Rb2 Bd3 18. Nb5 Rb7 19. Rd2 a6 20. Nc3
Rxb3 21. Nd5 Rb1+ 22. Rd1 Rxd1+ 23. Kxd1 Bxc4 24. e4 Bxd5 25. exd5 Rxd5+ 26.
Ke2 c4 27. Rb1 Rb5 28. Rd1 Kf8 29. Rd7 Rc5 30. Ke3 Ke8 31. Rd1 Ke7 32. Kd4 Ra5
33. Ra1 c5+ 34. Kxc4 Kd6 35. f4 Ra4+ 36. Kb3 Rxf4 37. a4 a5 38. Rb1 Rb4+ 39.
Kc2 Kd5 40. Rd1+ Ke6 41. Kc3 Rxa4 42. Rd2 Rb4 43. h3 a4 44. Re2+ Kf5 45. Re7
Kg6 46. Rc7 Rb3+ 47. Kc4 Rb1 48. Ra7 Rb2 49. Rxa4 Rxg2 50. Kxc5 Rg5+ 51. Kd6
Rh5 52. h4 Rf5 53. Ke7 Kh5 54. Kf8 g6 55. Kg7 g5 56. hxg5 Kxg5 57. Kxh7 Rf4 58.
Ra5+ f5 59. Kg7 Kg4 60. Kg6 Rf1 61. Ra4+ f4 62. Ra5 Kf3 63. Kf5 Kg3 64. Ra3+ f3
65. Kg5 Kg2 66. Kg4 1/2-1/2

[Event "Tournoi Skype 029A"]
[Site "Skype"]
[Date "????.??.??"]
[Round "8.24"]
[White "Castillo, Jesus"]
[Black "Le Brun, Yves"]
[Result "1-0"]
[WhiteElo "1557"]
[BlackElo "1335"]
[PlyCount "55"]

1. e4 d5 2. exd5 Qxd5 3. Nc3 Qd8 4. d4 Nf6 5. Bd3 Bg4 6. f3 Bh5 7. Be3 e6 8.
Nge2 Bg6 9. Ng3 Bxd3 10. Qxd3 c6 11. O-O-O Bb4 12. Rhe1 Bxc3 13. Qxc3 Nd5 14.
Qb3 Qc7 15. Bf2 a5 16. a4 Nd7 17. Be3 Ra6 18. Bd2 Rb6 19. Bxa5 Rxb3 20. Bxc7
Re3 21. Bd6 Rxe1 22. Rxe1 Ne7 23. c4 Nb6 24. b3 Kd7 25. Bxe7 Kxe7 26. f4 Rd8
27. Re5 Rxd4 28. Nf5+ 1-0

[Event "Tournoi Skype 029A"]
[Site "Skype"]
[Date "????.??.??"]
[Round "8.25"]
[White "Quispe, Alberto"]
[Black "Casey, Eamonn"]
[Result "1-0"]
[WhiteElo "1230"]
[BlackElo "1538"]
[PlyCount "81"]

1. e4 e6 2. Nf3 d5 3. exd5 exd5 4. h3 Nf6 5. d4 Be7 6. Bd3 O-O 7. O-O Nc6 8. c3
Ne4 9. Re1 Bf5 10. Bf4 Re8 11. Ne5 Nxe5 12. Bxe4 Bxe4 13. Bxe5 Bd6 14. Bxd6
Qxd6 15. Nd2 Bf5 16. Nf3 h6 17. Qd2 Re4 18. Rxe4 Bxe4 19. Re1 Re8 20. Ne5 Re6
21. f3 Bf5 22. Qf2 f6 23. Ng4 Bxg4 24. fxg4 Qe7 25. Rxe6 Qxe6 26. Qf3 c6 27.
Kf2 Kf7 28. Qf4 Qe7 29. Qf5 g6 30. Qf4 a6 31. Qxh6 g5 32. Qh7+ Ke6 33. Qxe7+
Kxe7 34. g3 Ke6 35. h4 gxh4 36. gxh4 Kf7 37. Kf3 Kg6 38. Kf4 b6 39. b4 a5 40.
bxa5 bxa5 41. a4 1-0

[Event "Tournoi Skype 029A"]
[Site "Skype"]
[Date "????.??.??"]
[Round "8.26"]
[White "Perrone, Gabriel Lorenzo"]
[Black "Vasquez Cienfuegos, Oscar"]
[Result "1-0"]
[WhiteElo "1377"]
[BlackElo "1470"]
[PlyCount "111"]

1. d4 c6 2. c4 c5 3. Nf3 Nf6 4. Nc3 d5 5. e3 b6 6. dxc5 bxc5 7. Nxd5 e6 8.
Nxf6+ Qxf6 9. e4 Nd7 10. Bg5 Qxb2 11. Be2 Qc3+ 12. Bd2 Qf6 13. O-O h6 14. Re1
Bb7 15. Bd3 Ne5 16. Nxe5 Qxe5 17. Qc2 Bc6 18. Bc3 Qc7 19. Rab1 Bb7 20. Qb2 Rb8
21. Bxg7 Rg8 22. Be5 Bd6 23. Bxd6 Qxd6 24. Qe2 Qe5 25. Qe3 Ke7 26. Rb5 Kd6 27.
f4 Qd4 28. Qxd4+ cxd4 29. e5+ Kd7 30. Be4 Ba6 31. Ra5 Bxc4 32. Rxa7+ Ke8 33.
Bc6+ Kf8 34. Rc1 d3 35. Rd1 Rb2 36. Ra8+ Kg7 37. Rxg8+ Kxg8 38. a4 Kf8 39. Be4
d2 40. Bf3 Bd3 41. Ra1 Rb1+ 42. Rxb1 Bxb1 43. Bd1 Bd3 44. Kf2 Ke7 45. Ke3 Bf1
46. g3 Kd7 47. Kxd2 Bg2 48. Kc3 Kc6 49. Be2 Be4 50. Bb5+ Kb6 51. Kb4 Kb7 52.
Kc5 Kc7 53. a5 h5 54. Be8 Bg6 55. a6 Kb8 56. Kb6 1-0

[Event "Tournoi Skype 029A"]
[Site "Skype"]
[Date "????.??.??"]
[Round "8.27"]
[White "Khunte, Aniruddha"]
[Black "Galani, Mahendra"]
[Result "1-0"]
[WhiteElo "1174"]
[BlackElo "1466"]
[PlyCount "81"]

1. e4 e5 2. Nf3 d6 3. Bc4 Nc6 4. Nc3 h6 5. d4 exd4 6. Nxd4 Ne5 7. Bb3 c6 8. O-O
Nf6 9. h3 Be7 10. Nf3 Nxf3+ 11. Qxf3 O-O 12. Re1 Nh7 13. Bf4 a5 14. Rad1 b5 15.
a4 b4 16. Na2 Bb7 17. Bxd6 Bxd6 18. e5 Qc8 19. exd6 c5 20. Bd5 Bxd5 21. Qxd5
Nf6 22. Qf3 Ra7 23. b3 Rd7 24. Qf5 Rfd8 25. c3 Qc6 26. cxb4 axb4 27. Re5 Rxd6
28. Rxd6 Rxd6 29. Rxc5 Rd1+ 30. Kh2 Qd6+ 31. Qe5 Qd8 32. Qc7 Qxc7+ 33. Rxc7 Kf8
34. Nxb4 Rb1 35. Nc6 Rxb3 36. Rc8+ Ne8 37. a5 Ra3 38. Ra8 f6 39. a6 Kf7 40. a7
Nc7 41. Rc8 1-0

[Event "Tournoi Skype 029A"]
[Site "Skype"]
[Date "????.??.??"]
[Round "8.28"]
[White "Frances, Carlos Alberto"]
[Black "Junqueira, Leonardo De Faria"]
[Result "1-0"]
[WhiteElo "1324"]
[BlackElo "1408"]
[PlyCount "57"]

1. d4 c5 2. dxc5 e6 3. Nf3 Bxc5 4. Nc3 Ne7 5. e4 Nbc6 6. Bd3 O-O 7. O-O b6 8.
Re1 Bb7 9. Ne2 Ng6 10. Ng3 Nce5 11. Nxe5 Nxe5 12. c3 Qh4 13. h3 Qxg3 14. Be3
Bxe3 15. Rxe3 Qh4 16. Qe2 Rad8 17. Bc2 Qf6 18. Rd1 Qe7 19. b3 d6 20. f4 Ng6 21.
Qf2 d5 22. e5 Rc8 23. f5 Nh8 24. f6 gxf6 25. exf6 Qd6 26. Bxh7+ Kxh7 27. Qh4+
Kg8 28. Qg5+ Ng6 29. Qh6 1-0

[Event "Tournoi Skype 029A"]
[Site "Skype"]
[Date "????.??.??"]
[Round "8.29"]
[White "Hague, Mark"]
[Black "Gharbi, Said"]
[Result "0-1"]
[WhiteElo "1525"]
[BlackElo "1335"]
[PlyCount "76"]

1. d4 e5 2. dxe5 Nc6 3. Nf3 Qe7 4. Nc3 Nxe5 5. e4 d6 6. Bb5+ c6 7. Nxe5 Qxe5 8.
Bc4 d5 9. Bb3 d4 10. Qf3 Nf6 11. Bf4 Qe7 12. Ne2 Nxe4 13. O-O Nc5 14. Rfe1 Qf6
15. Nxd4+ Be7 16. Qe3 O-O 17. Qxe7 Qxd4 18. Bd6 Ne6 19. Bxe6 Bxe6 20. Rxe6 fxe6
21. Qxe6+ Rf7 22. Be5 Qd7 23. Qb3 Kh8 24. Qc3 Qf5 25. f3 Re8 26. Re1 Rfe7 27.
Bxg7+ Kg8 28. Rxe7 Rxe7 29. Bh8 h5 30. Qd4 Qxc2 31. Qd8+ Kf7 32. Bc3 h4 33. h3
b5 34. Qh8 a5 35. Qxh4 b4 36. Qf6+ Ke8 37. Qxc6+ Kd8 38. Bf6 Qxc6 0-1

[Event "Tournoi Skype 029A"]
[Site "Skype"]
[Date "????.??.??"]
[Round "8.31"]
[White "Grib, Johannes"]
[Black "Aceituno, Stebe"]
[Result "0-1"]
[WhiteElo "1259"]
[BlackElo "1400"]
[PlyCount "50"]

1. e4 c5 2. Nf3 Nc6 3. Bc4 Nf6 4. d3 d6 5. c3 e6 6. O-O Be7 7. h4 O-O 8. Bg5 h6
9. Bxf6 Bxf6 10. a3 Bxh4 11. Nxh4 Qxh4 12. Nd2 Ne5 13. Nf3 Qf6 14. Nxe5 Qxe5
15. f4 Qf6 16. Qe1 Bd7 17. Rd1 Bc6 18. Rd2 a6 19. Rdf2 b5 20. Ba2 Qh4 21. Qe3
Rae8 22. g3 Qg4 23. Rh2 d5 24. Rh4 Qg6 25. Qxc5 Qxg3+ 0-1

[Event "Tournoi Skype 029A"]
[Site "Skype"]
[Date "????.??.??"]
[Round "8.32"]
[White "Carballo, Jorge"]
[Black "Yardimci, Ertan"]
[Result "0-1"]
[WhiteElo "1367"]
[BlackElo "1208"]
[PlyCount "54"]

1. e4 e5 2. Nf3 Nc6 3. Bc4 h6 4. O-O Nf6 5. Nc3 Be7 6. d4 exd4 7. Nxd4 O-O 8.
Re1 Ne5 9. Bb3 Bc5 10. Nf3 d6 11. Bf4 Neg4 12. Bg3 Nh5 13. h3 Nxg3 14. hxg4
Bxg4 15. Na4 Nh5 16. Nxc5 dxc5 17. Qxd8 Raxd8 18. Ne5 Nf6 19. f3 Bc8 20. Rad1
Rde8 21. Bxf7+ Rxf7 22. Nxf7 Kxf7 23. e5 Nh5 24. Re4 Ng3 25. Rf4+ Ke6 26. Kf2
Nh5 27. g4 Nxf4 0-1

[Event "Tournoi Skype 029A"]
[Site "Skype"]
[Date "????.??.??"]
[Round "8.33"]
[White "L'Herbon De Lussats, Jean"]
[Black "Pasasin, Alejandro"]
[Result "1-0"]
[WhiteElo "1259"]
[BlackElo "1347"]
[PlyCount "95"]

1. d4 Nf6 2. c4 g6 3. Nf3 Bg7 4. g3 O-O 5. Bg2 d6 6. O-O Nc6 7. Nc3 e5 8. d5
Ne7 9. e4 Nd7 10. b4 f5 11. Ng5 Nf6 12. exf5 gxf5 13. f4 Rb8 14. Ne6 Bxe6 15.
dxe6 Qc8 16. Nd5 Ne8 17. Nxe7+ Kh8 18. Nxc8 Rxc8 19. Bxb7 Rb8 20. Qd5 Nf6 21.
Qc6 Ne8 22. b5 e4 23. Rb1 Rg8 24. a4 Bf6 25. Be3 h5 26. Bxa7 Rd8 27. e7 Bxe7
28. Bd4+ Kh7 29. Qd5 Ng7 30. Qc6 Ne8 31. Qd5 Ng7 32. Bc6 Rdf8 33. a5 h4 34. a6
hxg3 35. hxg3 Nh5 36. Qe6 Rxg3+ 37. Kf2 Bh4 38. Ke2 Rg6 39. Qd7+ Kh6 40. a7
Ng3+ 41. Kd2 Nxf1+ 42. Rxf1 Rg2+ 43. Kc3 Rg3+ 44. Kb4 e3 45. a8=Q Rfg8 46. Qe6+
Kh5 47. Qaxg8 Rxg8 48. Qf7+ 1-0

[Event "Tournoi Skype 029A"]
[Site "Skype"]
[Date "????.??.??"]
[Round "8.36"]
[White "Vello, Pablo"]
[Black "Vilas Boas, Crisolon Terto"]
[Result "1/2-1/2"]
[WhiteElo "1135"]
[BlackElo "1488"]
[PlyCount "176"]

1. d4 d5 2. Nc3 Bf5 3. f3 h6 4. g4 Bh7 5. Bf4 a6 6. e3 Nc6 7. Bd3 e6 8. h4 Bd6
9. Bxh7 Bxf4 10. exf4 Qd6 11. Nge2 Rxh7 12. Qd3 g6 13. h5 f5 14. O-O-O Rg7 15.
hxg6 Rxg6 16. gxf5 exf5 17. Qxf5 Rf6 18. Qh5+ Kd7 19. Nxd5 Re6 20. Ndc3 Rd8 21.
d5 Rxe2 22. Nxe2 Nce7 23. Nc3 Qxf4+ 24. Kb1 Kc8 25. Qg4+ Qxg4 26. fxg4 Nf6 27.
Rhe1 Nexd5 28. Nxd5 Nxd5 29. Kc1 c6 30. Re6 Rg8 31. Rd4 Rh8 32. Rd2 Kd7 33. Re4
Kc7 34. a3 Nf6 35. Re7+ Kb6 36. Rg7 Ne4 37. Rd1 h5 38. gxh5 Rxh5 39. Rgg1 Kb5
40. Kb1 a5 41. Ka2 b6 42. Rge1 Nc5 43. Rb1 Rh2 44. Rec1 Rd2 45. c4+ Ka6 46. Rd1
Rc2 47. Rbc1 Re2 48. Kb1 b5 49. Rc2 Re6 50. cxb5+ Kxb5 51. Rd8 Nb3 52. Ka2 a4
53. Rb8+ Ka5 54. Rxb3 axb3+ 55. Kxb3 Kb5 56. a4+ Ka5 57. Rc5+ Kb6 58. Rc4 Rd6
59. Ka3 Rd3+ 60. b3 c5 61. Re4 Rd4 62. Re6+ Ka5 63. Rc6 Rd5 64. Rc8 Kb6 65.
Rb8+ Ka6 66. Ra8+ Kb7 67. Ra5 Kb6 68. Rb5+ Ka6 69. Kb2 Rh5 70. Kc3 Rh3+ 71. Kc4
Rh4+ 72. Kxc5 Rh5+ 73. Kb4 Rh4+ 74. Ka3 Rg4 75. Re5 Rd4 76. a5 Rf4 77. b4 Rd4
78. Ka4 Rd6 79. b5+ Ka7 80. Re7+ Ka8 81. a6 Rd8 82. Ka5 Rc8 83. a7 Rc5 84. Kb6
Rxb5+ 85. Kc6 Rb6+ 86. Kc5 Rb5+ 87. Kc6 Rb6+ 88. Kc5 Rb5+ 1/2-1/2

[Event "Tournoi Skype 029A"]
[Site "Skype"]
[Date "????.??.??"]
[Round "8.37"]
[White "Ramirez Reina, Orlando"]
[Black "Davis, Michael"]
[Result "0-1"]
[WhiteElo "1385"]
[BlackElo "1405"]
[PlyCount "104"]

1. e4 e5 2. Nf3 Nc6 3. Bc4 Bc5 4. c3 d6 5. d3 h6 6. O-O Nf6 7. Be3 Bb6 8. Na3
O-O 9. Bb3 Nd7 10. Nc4 Nc5 11. Bxc5 Bxc5 12. Bc2 Be6 13. b4 Bb6 14. Nxb6 axb6
15. a3 Qd7 16. Bb3 d5 17. exd5 Bxd5 18. c4 Be6 19. b5 Nd4 20. Nxe5 Qd6 21. Nf3
Rxa3 22. Nxd4 Rfa8 23. Nxe6 Rxa1 24. Qxa1 Rxa1 25. Rxa1 Qxe6 26. Kf1 Qe5 27.
Rb1 Qxh2 28. g3 Qh1+ 29. Ke2 Qxb1 30. Bc2 Qxc2+ 31. Ke3 Qc3 32. Ke2 Qb2+ 33.
Ke3 c6 34. bxc6 bxc6 35. c5 Qe5+ 36. Kd2 Qxc5 37. Ke2 b5 38. f4 Qd4 39. Kd2
Qf2+ 40. Kc3 Qxg3 41. f5 Qe5+ 42. d4 Qxf5 43. Kb4 Qd5 44. Kc3 Qc4+ 45. Kb2
Qxd4+ 46. Kb3 c5 47. Ka3 b4+ 48. Kb3 Qc3+ 49. Ka2 c4 50. Kb1 Qd2 51. Ka1 c3 52.
Kb1 Qb2# 0-1

[Event "Tournoi Skype 029A"]
[Site "Skype"]
[Date "????.??.??"]
[Round "9.1"]
[White "Gungor, Gokhan"]
[Black "Rapaire, Jean-Michel"]
[Result "1/2-1/2"]
[WhiteElo "1579"]
[BlackElo "1739"]
[PlyCount "130"]

1. e4 d6 2. d4 e5 3. dxe5 dxe5 4. Qxd8+ Kxd8 5. Be3 Be6 6. Nc3 c6 7. f4 f6 8.
fxe5 fxe5 9. Nf3 Bd6 10. Ng5 Ke7 11. Nxe6 Kxe6 12. Bc4+ Ke7 13. O-O Nf6 14. Bg5
Nbd7 15. Rad1 h6 16. Bh4 Rhf8 17. a3 g5 18. Bg3 Nh5 19. Bf2 b6 20. Rd2 Bc5 21.
Bxc5+ Nxc5 22. Rfd1 Rad8 23. b4 Rxd2 24. Rxd2 Nd7 25. a4 Nhf6 26. Bb3 Rd8 27.
Kf1 Nf8 28. Rxd8 Kxd8 29. Ke2 Kd7 30. h3 Ng6 31. g3 Ne7 32. Ke3 Nc8 33. Nd1 Nd6
34. Nf2 Nb7 35. Nd3 a5 36. Nxe5+ Kc7 37. bxa5 Nxa5 38. Nf7 Nxb3 39. cxb3 Ng8
40. e5 Kd7 41. Kd4 Ke6 42. Nd6 Ne7 43. b4 Nd5 44. a5 c5+ 45. bxc5 bxa5 46. Nc4
Ne7 47. g4 Nc6+ 48. Ke4 a4 49. Na3 Nxe5 50. Kd4 Nf3+ 51. Kc4 Ng1 52. Kb5 Nxh3
53. c6 Kd6 54. Kb6 Nf4 55. Nb5+ Ke5 56. Nc3 a3 57. c7 a2 58. c8=Q a1=Q 59. Qh8+
Ke6 60. Qxh6+ Kf7 61. Qh7+ Kf8 62. Qf5+ Kg7 63. Qxg5+ Ng6 64. Qa5 Qxa5+ 65.
Kxa5 Ne5 1/2-1/2

[Event "Tournoi Skype 029A"]
[Site "Skype"]
[Date "????.??.??"]
[Round "9.2"]
[White "Mayor Martinez, Juan Jose"]
[Black "Blasco, Raul"]
[Result "1/2-1/2"]
[WhiteElo "1749"]
[BlackElo "1978"]
[PlyCount "48"]

1. d4 Nf6 2. e3 e6 3. Bd3 d5 4. Nd2 c6 5. Ngf3 Nbd7 6. O-O Bd6 7. Re1 O-O 8. c3
e5 9. dxe5 Nxe5 10. Nxe5 Bxe5 11. Nf3 Bc7 12. Qc2 Qd6 13. g3 Re8 14. Bd2 Ne4
15. Bf1 Qf6 16. Be2 Nxd2 17. Qxd2 Bg4 18. Qd1 Bb6 19. Nd4 Bxe2 20. Nxe2 Qf3 21.
Nd4 Qxd1 22. Raxd1 Re5 23. Nf3 Re6 24. Kg2 Rae8 1/2-1/2

[Event "Tournoi Skype 029A"]
[Site "Skype"]
[Date "????.??.??"]
[Round "9.3"]
[White "Deville, Olivier"]
[Black "Lambert, Pierre"]
[Result "1-0"]
[WhiteElo "1807"]
[BlackElo "1647"]
[PlyCount "99"]

1. d4 Nf6 2. c4 g6 3. Nc3 d5 4. cxd5 Nxd5 5. Bd2 Bg7 6. e4 Nb6 7. Be3 O-O 8.
Bb5 c6 9. Be2 e5 10. Nf3 exd4 11. Bxd4 Bxd4 12. Qxd4 Qxd4 13. Nxd4 Rd8 14.
O-O-O N8d7 15. Nb3 a5 16. a4 Re8 17. Rd6 Ne5 18. Rhd1 Be6 19. Nc5 Bc4 20. Nxb7
Bxe2 21. Nxe2 Nxa4 22. b3 Nb6 23. h3 a4 24. f4 Ned7 25. bxa4 Rxa4 26. Nc3 Ra1+
27. Kc2 Rxd1 28. Kxd1 Re7 29. Rxc6 Re6 30. Rxe6 fxe6 31. Nd8 Nc5 32. Kd2 Kf8
33. Ke3 Ke7 34. Nc6+ Kf6 35. e5+ Kf7 36. Nb5 Nd5+ 37. Kd4 Nb3+ 38. Kc4 Nd2+ 39.
Kd3 Nb3 40. g3 Nc5+ 41. Kc4 Ne4 42. Nd6+ Nxd6+ 43. exd6 Nb6+ 44. Kb5 Nd7 45.
Ne5+ Ke8 46. Kc6 Nf6 47. g4 Nd5 48. d7+ Ke7 49. Nf7 Nb4+ 50. Kb5 1-0

[Event "Tournoi Skype 029A"]
[Site "Skype"]
[Date "????.??.??"]
[Round "9.4"]
[White "Rico Hernandez, Edgar"]
[Black "Elias, Roberto"]
[Result "1-0"]
[WhiteElo "1772"]
[BlackElo "1782"]
[PlyCount "71"]

1. d4 Nf6 2. c4 e6 3. Nc3 Bb4 4. Qc2 d5 5. e3 O-O 6. a3 Bxc3+ 7. Qxc3 c5 8. Nf3
Ne4 9. Qc2 Qa5+ 10. Bd2 Nxd2 11. Nxd2 Nc6 12. cxd5 exd5 13. Qxc5 Qxc5 14. dxc5
d4 15. e4 Re8 16. f3 Bf5 17. Bb5 Rac8 18. O-O Bg6 19. Nc4 a6 20. Ba4 Rc7 21.
Rfd1 Rd8 22. Rac1 Ne7 23. Ne5 Kf8 24. Rc2 f6 25. Nxg6+ Nxg6 26. Rcd2 Rxc5 27.
Rxd4 Rxd4 28. Rxd4 b5 29. Bb3 Ke7 30. Kf2 Ne5 31. h3 g5 32. g3 Nc6 33. Rd2 Na5
34. Bg8 Nc4 35. Rc2 h5 36. b3 1-0

[Event "Tournoi Skype 029A"]
[Site "Skype"]
[Date "????.??.??"]
[Round "9.6"]
[White "Barrios Chamorro, Jesus Adrian"]
[Black "Sanchez Ruiz, Piedad Esmeralda"]
[Result "1/2-1/2"]
[WhiteElo "1589"]
[BlackElo "1706"]
[PlyCount "46"]

1. Nf3 c5 2. g3 Nc6 3. Bg2 d5 4. d4 e6 5. O-O Nf6 6. c4 cxd4 7. Nxd4 Be7 8.
cxd5 exd5 9. Nc3 O-O 10. Bg5 Nxd4 11. Qxd4 Be6 12. Rfd1 Qa5 13. Rac1 Rfd8 14.
h4 h6 15. Bd2 Qa6 16. Bf4 Rac8 17. Bf1 Qa5 18. Be5 Rc4 19. Qd2 d4 20. Bxf6 Bxf6
21. Ne4 Qxd2 22. Nxd2 Rxc1 23. Rxc1 Bd5 1/2-1/2

[Event "Tournoi Skype 029A"]
[Site "Skype"]
[Date "????.??.??"]
[Round "9.7"]
[White "Montalvo, Mario"]
[Black "Saponara, Jose Maria"]
[Result "1-0"]
[WhiteElo "1800"]
[BlackElo "1524"]
[PlyCount "57"]

1. c4 e6 2. Nf3 b6 3. g3 Bb7 4. Bg2 Nf6 5. O-O Be7 6. Nc3 d6 7. d4 Nbd7 8. d5
exd5 9. Nh4 O-O 10. Nf5 Re8 11. Nxe7+ Qxe7 12. cxd5 h6 13. Qc2 Ba6 14. Re1 Nc5
15. Be3 Nce4 16. Rac1 Nxc3 17. Qxc3 Bb7 18. Qb3 Qd7 19. Bd4 Ne4 20. Rc2 Rac8
21. Rec1 f6 22. Qc4 Nc5 23. b4 Ba6 24. Qc3 Na4 25. Qf3 Re7 26. Qh5 Qb5 27. Bh3
Rce8 28. Rxc7 Rxe2 29. Qf7+ 1-0